Reglamento de las oficinas de la Excma. Diputación Provincial de Gerona
Descripción Física:
59 p. : 17 cm
MARC
| LEADER | 00000nam a2200000Ia 4500 | ||
|---|---|---|---|
| 001 | 19974 | ||
| 008 | 160829s1884 xx 000 0 cat d | ||
| 080 | |a R-12-91 | ||
| 245 | |a Reglamento de las oficinas de la Excma. Diputación Provincial de Gerona | ||
| 260 | |a Gerona : |b Imprenta del Hospicio provincial, |c 1884 | ||
| 300 | |a 59 p. : |b 17 cm | ||
| 590 | |a Prové de 2973, exp. 17 | ||
| 610 | 1 | 0 | |a Girona (Catalunya : Província). |b Diputació |x Reglaments i procediment |9 54209 |
| 901 | |a Arxiu | ||
| 942 | |n 1 | ||
| 952 | |0 0 |1 0 |4 0 |6 R1291 |7 1 |9 53912 |a Arxiu |b Arxiu |d 2016-12-01 |l 0 |o R-12-91 |p 19974 |r 2016-12-01 00:00:00 |w 2016-12-01 |y ARXIU | ||
| 999 | |c 57779 |d 57779 | ||